[Event "DEM U10 2011"]
[Site "Oberhof GER"]
[Date "2011.06.14"]
[Round "5"]
[White "Gungl, Theo"]
[Black "Schmidek, Emil"]
[Result "1-0"]
[Termination "normal"]
[Board "1"]
[WhiteElo "1736"]
[BlackElo "1719"]
[PlyCount "119"]
[WhiteFideId "24695653"]
[BlackFideId "12908150"]
[EventCountry "GER"]
[EventRounds "11"]
[EventType "swiss"]
[EventDate "2011.06.11"]

1. e4 e5 2. Nf3 Nc6 3. Bb5 a6 4. Bxc6 dxc6 5. O-O Bg4 6. h3 h5 7. d3 Qf6 8.
Nbd2 Ne7 9. Re1 Ng6 10. d4 Nf4 11. hxg4 hxg4 12. g3 gxf3 13. Qxf3 Ne6 14. dxe5
Qxe5 15. Qf5 Qd6 16. Nf3 g6 17. Qa5 O-O-O 18. Be3 Bg7 19. c3 Qd7 20. Rad1 Qxd1
21. Rxd1 Rxd1+ 22. Kg2 Rhd8 23. Ng5 Nxg5 24. Bxg5 R8d7 25. Qc5 Kb8 26. Be3 b6
27. Qxc6 R1d6 28. Qc4 Kb7 29. a4 Rc6 30. Qe2 a5 31. Qg4 Re7 32. Qg5 Rd7 33. Qh4
Rc4 34. Qh7 Bf6 35. Qg8 Rxe4 36. Kf3 Re6 37. Ke2 Be5 38. Kf3 Bf6 39. Qh7 Be5
40. Qh4 Bg7 41. Qc4 Bf8 42. b4 Rf6+ 43. Kg2 c6 44. bxa5 Bc5 45. Bf4 g5 46. Bxg5
Rxf2+ 47. Kh3 Rf5 48. Bf4 Rh5+ 49. Kg4 Rhd5 50. Qb3 f5+ 51. Kh3 Ka7 52. axb6+
Bxb6 53. c4 Rd3 54. Qb4 Rh7+ 55. Kg2 Rhd7 56. a5 Bd8 57. Qb8+ Ka6 58. Qa8+ Ra7
59. Qxc6+ Kxa5 60. Qb5# 1-0

[Event "DEM U10 2011"]
[Site "Oberhof GER"]
[Date "2011.06.14"]
[Round "5"]
[White "Zienert, Richard"]
[Black "Baberz, Alexander"]
[Result "0-1"]
[Termination "normal"]
[Board "2"]
[WhiteElo "1374"]
[BlackElo "1854"]
[PlyCount "50"]
[WhiteFideId "12945986"]
[BlackFideId "12921734"]
[EventCountry "GER"]
[EventRounds "11"]
[EventType "swiss"]
[EventDate "2011.06.11"]

1. e4 e5 2. Nf3 Nc6 3. Bb5 a6 4. Ba4 Nf6 5. O-O b5 6. Bb3 Be7 7. c3 O-O 8. Re1
d5 9. exd5 Nxd5 10. Nxe5 Nxe5 11. Rxe5 Nf6 12. h3 Bd6 13. Re1 Ng4 14. Bd5 Bh2+
15. Kf1 Qxd5 16. hxg4 Bb7 17. f3 Bg3 18. Re2 f5 19. gxf5 Qxf5 20. d4 Qh5 21.
Re3 Qh1+ 22. Ke2 Qxg2+ 23. Kd3 Bxf3 24. Qb3+ Bd5 25. Qc2 Bc4# 0-1

[Event "DEM U10 2011"]
[Site "Oberhof GER"]
[Date "2011.06.14"]
[Round "5"]
[White "Sahki, Saphir"]
[Black "Reimann, Sebastian"]
[Result "1-0"]
[Termination "normal"]
[Board "3"]
[WhiteElo "1597"]
[BlackElo "1442"]
[PlyCount "127"]
[WhiteFideId "26028450"]
[BlackFideId "12928054"]
[EventCountry "GER"]
[EventRounds "11"]
[EventType "swiss"]
[EventDate "2011.06.11"]

1. e4 e5 2. Nf3 Nc6 3. d4 exd4 4. Nxd4 Bc5 5. Be3 Qf6 6. c3 Nge7 7. Bc4 Ne5 8.
Bb3 Qg6 9. O-O O-O 10. Nd2 d6 11. Kh1 a6 12. f3 Bd7 13. a4 Rad8 14. Bf2 Rfe8
15. Qc2 Kh8 16. Nc4 Nxc4 17. Bxc4 Bc8 18. b4 Ba7 19. Ne2 Bxf2 20. Rxf2 Be6 21.
Nf4 Qf6 22. Nxe6 fxe6 23. Rd1 e5 24. Bd5 Nxd5 25. Rxd5 Rf8 26. Rfd2 g5 27. h3
Qf4 28. c4 g4 29. hxg4 Rf6 30. Rf2 Rg8 31. Kg1 Rh6 32. Qd2 Qh2+ 33. Kf1 Rgg6
34. c5 Qh4 35. Qc3 Qe7 36. cxd6 cxd6 37. b5 Qd7 38. Qxe5+ Kg8 39. Qb2 Qc7 40.
Rc2 Rh1+ 41. Ke2 Qa5 42. Rc8+ Kf7 43. Qd2 Qxd2+ 44. Kxd2 Rh2 45. Rc7+ Ke6 46.
Rxb7 Rxg2+ 47. Ke3 axb5 48. Rbxb5 Rg3 49. Rb6 Kd7 50. Rb7+ Kc6 51. Rxh7 R6xg4
52. Rh6 Rg6 53. Rxg6 Rxg6 54. Kf4 Rf6+ 55. Kg4 Rf8 56. f4 Ra8 57. a5 Re8 58.
Kf3 Rf8 59. f5 Kd7 60. Kf4 Re8 61. e5 Rxe5 62. Rxe5 Kc6 63. Re6 Kd5 64. a6 1-0

[Event "DEM U10 2011"]
[Site "Oberhof GER"]
[Date "2011.06.14"]
[Round "5"]
[White "Renger, Niklas"]
[Black "Reuker, Jari"]
[Result "1-0"]
[Termination "normal"]
[Board "4"]
[WhiteElo "1452"]
[BlackElo "1647"]
[PlyCount "49"]
[WhiteFideId "12908096"]
[BlackFideId "12909300"]
[EventCountry "GER"]
[EventRounds "11"]
[EventType "swiss"]
[EventDate "2011.06.11"]

1. e4 c5 2. Nf3 e6 3. d4 cxd4 4. Nxd4 a6 5. Bd3 Bc5 6. Nb3 Be7 7. O-O Qc7 8. c4
b6 9. Qe2 d6 10. Nc3 Bb7 11. Be3 Nd7 12. f4 Ngf6 13. Rae1 O-O 14. Qf2 Ng4 15.
Qg3 Nxe3 16. Rxe3 Nc5 17. Nxc5 Qxc5 18. Kh1 Rad8 19. f5 Bf6 20. Ree1 Be5 21.
Qg4 exf5 22. exf5 f6 23. Nd5 Bxd5 24. cxd5 Qxd5 25. Bc4 1-0

[Event "DEM U10 2011"]
[Site "Oberhof GER"]
[Date "2011.06.14"]
[Round "5"]
[White "Poghosyan, Tigran"]
[Black "Martin, Julian"]
[Result "0-1"]
[Termination "time forfeit"]
[Board "5"]
[WhiteElo "1685"]
[BlackElo "1321"]
[PlyCount "63"]
[WhiteFideId "12909319"]
[BlackFideId "12941000"]
[EventCountry "GER"]
[EventRounds "11"]
[EventType "swiss"]
[EventDate "2011.06.11"]

1. e4 e5 2. Nf3 Nc6 3. Bb5 a6 4. Ba4 Nf6 5. O-O b5 6. Bb3 Bc5 7. c3 Ba7 8. Re1
O-O 9. d4 d6 10. h3 h6 11. a4 Bb7 12. axb5 axb5 13. Qd3 Qc8 14. Nbd2 Ba6 15.
Bd5 Nxd5 16. exd5 Ne7 17. dxe5 dxe5 18. Nxe5 Bb7 19. Ng4 Nxd5 20. Ne4 f5 21.
Nxh6+ Kh8 22. Kh2 fxe4 23. Rxe4 Qd8 24. Re5 Nf4 25. Qg3 Qf6 26. Ng4 Qf7 27.
Bxf4 Bxf2 28. Nxf2 Rxa1 29. Ng4 Ra4 30. Qh4+ Kg8 31. g3 Qg6 32. Ne3 0-1

[Event "DEM U10 2011"]
[Site "Oberhof GER"]
[Date "2011.06.14"]
[Round "5"]
[White "Reimers, Kim"]
[Black "Laubrock, Paul"]
[Result "1-0"]
[Termination "normal"]
[Board "6"]
[WhiteElo "1386"]
[BlackElo "1546"]
[PlyCount "43"]
[WhiteFideId "12930377"]
[BlackFideId "1270509"]
[EventCountry "GER"]
[EventRounds "11"]
[EventType "swiss"]
[EventDate "2011.06.11"]

1. e4 d5 2. exd5 Qxd5 3. Nc3 Qa5 4. d4 Nf6 5. Nf3 Bg4 6. Bb5+ Nc6 7. Bxc6+ bxc6
8. O-O O-O-O 9. Qe2 Rxd4 10. Be3 Rd6 11. Rfb1 Nd5 12. Ne4 Rd7 13. a4 Nxe3 14.
Qxe3 Qb6 15. Qf4 Bh5 16. Ne5 Rd4 17. c3 Rd5 18. Nxf7 Bg6 19. Nxh8 Qb3 20. Qxf8+
Kb7 21. Nxg6 hxg6 22. Qxe7 1-0

[Event "DEM U10 2011"]
[Site "Oberhof GER"]
[Date "2011.06.14"]
[Round "5"]
[White "Köhler, Inken"]
[Black "Buckels, Valentin"]
[Result "0-1"]
[Termination "normal"]
[Board "7"]
[WhiteElo "1079"]
[BlackElo "1475"]
[PlyCount "94"]
[WhiteFideId "12929301"]
[BlackFideId "12942766"]
[EventCountry "GER"]
[EventRounds "11"]
[EventType "swiss"]
[EventDate "2011.06.11"]

1. e4 c5 2. d4 cxd4 3. c3 dxc3 4. Nxc3 Nc6 5. Nf3 d6 6. Bc4 Nf6 7. Bb3 h6 8.
O-O Bg4 9. Bf4 g6 10. e5 Bxf3 11. Qxf3 dxe5 12. Rad1 Qb6 13. Nd5 Nd4 14. Ba4+
Nd7 15. Bxd7+ Kd8 16. Nxb6 Nxf3+ 17. gxf3 axb6 18. Bxe5 Rh7 19. Bg4+ Ke8 20.
Bc7 f5 21. Bh3 Rxa2 22. f4 Rxb2 23. Bg2 e6 24. Be5 Rb4 25. Rc1 Bc5 26. Rfd1 Ra4
27. Bd6 Ra5 28. Kf1 g5 29. fxg5 hxg5 30. Ke2 Ra2+ 31. Ke1 Bxf2+ 32. Kf1 Bc5 33.
Bxc5 bxc5 34. Re1 Rxh2 35. Rxe6+ Kd7 36. Bd5 Rad2 37. Bxb7 Kxe6 38. Ke1 Rb2 39.
Ba8 g4 40. Rd1 g3 41. Kf1 g2+ 42. Bxg2 Rbxg2 43. Re1+ Kf6 44. Re3 Ra2 45. Kg1
f4 46. Rf3 Kg5 47. Rf1 Rag2# 0-1

[Event "DEM U10 2011"]
[Site "Oberhof GER"]
[Date "2011.06.14"]
[Round "5"]
[White "Mantel, Ruben"]
[Black "Meyling, Lennart"]
[Result "1-0"]
[Termination "normal"]
[Board "8"]
[WhiteElo "1437"]
[BlackElo "1071"]
[PlyCount "67"]
[WhiteFideId "12930121"]
[BlackFideId "12947130"]
[EventCountry "GER"]
[EventRounds "11"]
[EventType "swiss"]
[EventDate "2011.06.11"]

1. e4 c5 2. Nf3 d6 3. d4 cxd4 4. Nxd4 Nf6 5. Nc3 a6 6. f3 e5 7. Nb3 Be6 8. Be3
Be7 9. Qd2 Nbd7 10. Be2 O-O 11. g4 h6 12. O-O-O b5 13. h4 b4 14. Nd5 Bxd5 15.
exd5 a5 16. g5 a4 17. Na1 Kh7 18. gxf6 Bxf6 19. Bd3+ g6 20. h5 a3 21. hxg6+ Kg8
22. gxf7+ Kxf7 23. b3 e4 24. Bxe4 Bxa1 25. Bxh6 Qf6 26. Qf4 Qxf4+ 27. Bxf4 Bb2+
28. Kb1 Ne5 29. Rh7+ Ke8 30. Bg5 Rf7 31. Rdh1 Raa7 32. Rh8+ Rf8 33. Rxf8+ Kxf8
34. Rh8+ 1-0

[Event "DEM U10 2011"]
[Site "Oberhof GER"]
[Date "2011.06.14"]
[Round "5"]
[White "Hoffmann, Jens"]
[Black "Wierzbicki, Jirawat"]
[Result "0-1"]
[Termination "normal"]
[Board "9"]
[WhiteElo "1327"]
[BlackElo "1405"]
[PlyCount "152"]
[WhiteFideId "12946320"]
[BlackFideId "1153579"]
[EventCountry "GER"]
[EventRounds "11"]
[EventType "swiss"]
[EventDate "2011.06.11"]

1. e4 e5 2. Nf3 Nc6 3. Bb5 a6 4. Ba4 Nf6 5. O-O Be7 6. Re1 b5 7. Bb3 O-O 8. c3
d6 9. h3 Na5 10. Bc2 c5 11. d4 Nd7 12. Nbd2 exd4 13. cxd4 Nc6 14. Nf1 cxd4 15.
Nxd4 Nxd4 16. Qxd4 Ne5 17. Ng3 Bxh3 18. f4 Nc6 19. Qc3 Bd7 20. e5 dxe5 21. fxe5
Qa5 22. Qe3 Bc5 23. Qxc5 Qxe1+ 24. Kh2 Qxe5 25. Qa3 h5 26. Qd3 g6 27. Qxd7 Nd4
28. Bxg6 fxg6 29. Qh3 Ne2 30. Bh6 Rf7 31. Re1 Qxg3+ 32. Qxg3 Nxg3 33. Kxg3 Kh7
34. Bd2 Rd8 35. Bc3 Rd3+ 36. Kh2 Rd6 37. Re2 Rfd7 38. a3 Kg8 39. Rf2 Rf7 40.
Re2 Kh7 41. Kg3 Kh6 42. Bd2+ g5 43. Kh3 Kg6 44. Kg3 h4+ 45. Kh3 Kh5 46. Kh2 Rd3
47. Bc3 Kg4 48. Re4+ Rf4 49. Re6 h3 50. Re2 Rg3 51. gxh3+ Rxh3+ 52. Kg2 Rff3
53. Re4+ Kh5 54. Re8 Rxc3 55. bxc3 Rxc3 56. a4 bxa4 57. Re4 Ra3 58. Re5 Ra2+
59. Kg3 a3 60. Ra5 Ra1 61. Rxa6 a2 62. Kg2 g4 63. Ra5+ Kg6 64. Kf2 Rh1 65. Kg2
a1=Q 66. Rxa1 Rxa1 67. Kg3 Kg5 68. Kf2 Kh4 69. Kg2 g3 70. Kf3 Kh3 71. Kf4 g2
72. Kf3 g1=Q 73. Ke4 Qg4+ 74. Kd3 Ra3+ 75. Kc2 Qg2+ 76. Kb1 Ra2 0-1

[Event "DEM U10 2011"]
[Site "Oberhof GER"]
[Date "2011.06.14"]
[Round "5"]
[White "Hoffmann, Fabian"]
[Black "Savchenko, Daniel"]
[Result "0-1"]
[Termination "normal"]
[Board "10"]
[WhiteElo "1424"]
[BlackElo "1411"]
[PlyCount "96"]
[WhiteFideId "12964891"]
[BlackFideId "12919195"]
[EventCountry "GER"]
[EventRounds "11"]
[EventType "swiss"]
[EventDate "2011.06.11"]

1. e4 e5 2. Nf3 Nf6 3. Nxe5 d6 4. Nf3 Nxe4 5. d4 d5 6. Bd3 Nc6 7. Be3 Bg4 8. h3
Bh5 9. g4 Bg6 10. Nbd2 Be7 11. h4 h6 12. Bb5 Bf6 13. h5 Bh7 14. Qe2 Qd6 15.
O-O-O a6 16. Bxc6+ Qxc6 17. Rh3 Qa4 18. Nxe4 dxe4 19. Nd2 Qxa2 20. Nb3 Qa4 21.
f3 exf3 22. Rxf3 O-O-O 23. Bxh6 Bxd4 24. Rf4 Qc6 25. Rfxd4 Rxd4 26. Bxg7 Rxd1+
27. Qxd1 Rg8 28. h6 Rd8 29. Nd4 Qd7 30. Bf6 Rg8 31. g5 Qd5 32. Qg4+ Qd7 33.
Qxd7+ Kxd7 34. Kd2 Rg6 35. Nf5 Rxf6 36. gxf6 Bxf5 37. c3 Ke6 38. Ke3 Kxf6 39.
Kf4 Bh7 40. b4 Kg6 41. Ke5 Kxh6 42. Kf6 Bg6 43. Ke7 f5 44. Kd7 f4 45. Kxc7 Be4
46. c4 f3 47. Kb6 f2 48. b5 axb5 0-1

[Event "DEM U10 2011"]
[Site "Oberhof GER"]
[Date "2011.06.14"]
[Round "5"]
[White "Niemann, Alexander"]
[Black "Mätzkow, Maximilian Paul"]
[Result "0-1"]
[Termination "normal"]
[Board "11"]
[WhiteElo "1311"]
[BlackElo "1597"]
[PlyCount "100"]
[WhiteFideId "12939862"]
[BlackFideId "24679933"]
[EventCountry "GER"]
[EventRounds "11"]
[EventType "swiss"]
[EventDate "2011.06.11"]

1. e4 d5 2. exd5 Qxd5 3. Nc3 Qa5 4. d4 e5 5. dxe5 Bb4 6. Bd2 Nc6 7. Nf3 Bg4 8.
h3 Bxf3 9. Qxf3 O-O-O 10. a3 Kb8 11. Qxf7 Qxe5+ 12. Be2 Ba5 13. Qh5 Qe6 14.
O-O-O Nf6 15. Qf3 Qe5 16. Rhe1 Nd4 17. Qe3 Qf5 18. Bd3 Nb3+ 19. Kb1 Nxd2+ 20.
Rxd2 Qd7 21. Nb5 Bb6 22. Qe6 Rhe8 23. Qb3 Rxe1+ 24. Ka2 Ne4 25. Re2 Rxe2 26.
Bxe2 a6 27. Bg4 Qxb5 28. f3 Qxb3+ 29. Kxb3 Nf2 30. Bf5 g6 31. Be6 Nd1 32. g4
Rf8 33. Bd5 c6 34. Be4 Nf2 35. h4 Nxe4 36. fxe4 Rf4 37. e5 Rxg4 38. e6 Rxh4 39.
e7 Re4 40. c4 Rxe7 41. Kb4 h5 42. c5 h4 43. cxb6 h3 44. a4 h2 45. a5 h1=R 46.
Kc5 Rd7 47. Kb4 Rc1 48. b3 c5+ 49. Ka3 Rd2 50. b4 Rc3+ 0-1

[Event "DEM U10 2011"]
[Site "Oberhof GER"]
[Date "2011.06.14"]
[Round "5"]
[White "Fieberg, Samuel"]
[Black "Shen, Julian"]
[Result "0-1"]
[Termination "normal"]
[Board "13"]
[WhiteElo "1762"]
[BlackElo "1273"]
[PlyCount "72"]
[WhiteFideId "12901717"]
[BlackFideId "12942898"]
[EventCountry "GER"]
[EventRounds "11"]
[EventType "swiss"]
[EventDate "2011.06.11"]

1. e4 d5 2. exd5 Qxd5 3. Nc3 Qd6 4. d4 c6 5. Nf3 Nf6 6. Bc4 Bg4 7. Be3 e6 8. h3
Bh5 9. g4 Bg6 10. Ne5 Qc7 11. Nxg6 hxg6 12. Qd2 Bd6 13. Bd3 Nbd7 14. Ne4 Nxe4
15. Bxe4 Nf6 16. Bg2 Nd5 17. Bxd5 exd5 18. c3 O-O-O 19. O-O-O Rde8 20. h4 f5
21. gxf5 gxf5 22. h5 f4 23. Rdg1 fxe3 24. fxe3 Rxe3 25. Rxg7 Rxc3+ 26. bxc3
Qxg7 27. h6 Qf6 28. Kb2 Qf4 29. Qg2 Rxh6 30. Qg8+ Qf8 31. Qg4+ Kc7 32. Rg1 Rh2+
33. Ka1 Rf2 34. Qh3 Rxa2+ 35. Kb1 Qf2 36. Qh7+ Kb6 0-1

[Event "DEM U10 2011"]
[Site "Oberhof GER"]
[Date "2011.06.14"]
[Round "5"]
[White "Kölz, Niklas"]
[Black "Arnhold, Steffi"]
[Result "1-0"]
[Termination "normal"]
[Board "14"]
[WhiteElo "1479"]
[BlackElo "1117"]
[PlyCount "75"]
[WhiteFideId "12971758"]
[BlackFideId "12931365"]
[EventCountry "GER"]
[EventRounds "11"]
[EventType "swiss"]
[EventDate "2011.06.11"]

1. c4 Nf6 2. g3 e6 3. Bg2 d5 4. Nf3 c5 5. O-O Nc6 6. d3 a6 7. Be3 Rb8 8. Nbd2
b5 9. Nb3 Qb6 10. d4 cxd4 11. Nbxd4 Nxd4 12. Bxd4 Qd8 13. c5 Ne4 14. c6 Qc7 15.
Rc1 Nd6 16. Be5 Rb6 17. Qc2 Qb8 18. Bd4 Nc4 19. Bxb6 Qxb6 20. Rfd1 Bd6 21. b3
Na5 22. e4 O-O 23. exd5 exd5 24. Rxd5 Ba3 25. Rcd1 Nxc6 26. Ng5 g6 27. R5d2 Nb4
28. Qe4 Bf5 29. Qb7 Qf6 30. Ne4 Qe5 31. Nd6 Bc2 32. Nxf7 Qe8 33. Nh6+ Kh8 34.
Rd8 Qxd8 35. Rxd8 Rxd8 36. Nf7+ Kg8 37. Nxd8 Kf8 38. Qf7# 1-0

[Event "DEM U10 2011"]
[Site "Oberhof GER"]
[Date "2011.06.14"]
[Round "5"]
[White "Fromm, Katja"]
[Black "Stobbe, Frederik"]
[Result "0-1"]
[Termination "normal"]
[Board "15"]
[WhiteElo "1401"]
[BlackElo "1105"]
[PlyCount "128"]
[WhiteFideId "12929409"]
[EventCountry "GER"]
[EventRounds "11"]
[EventType "swiss"]
[EventDate "2011.06.11"]

1. d4 d5 2. c4 c6 3. Nc3 Nf6 4. Nf3 e6 5. Bg5 h6 6. Bxf6 Qxf6 7. e3 Nd7 8. c5
b6 9. b4 e5 10. Be2 exd4 11. exd4 bxc5 12. bxc5 Bxc5 13. Nxd5 cxd5 14. dxc5
Qc3+ 15. Nd2 Qxc5 16. O-O O-O 17. Bf3 Nb6 18. Nb3 Qd6 19. Qd4 Be6 20. Rfd1 Rfc8
21. Rac1 Rxc1 22. Rxc1 Rc8 23. Rxc8+ Nxc8 24. h3 Nb6 25. Nc5 Nd7 26. Nxd7 Qxd7
27. Be2 Qc7 28. Bd3 Qc1+ 29. Kh2 Qa3 30. Bb1 Qd6+ 31. g3 Qb6 32. Qxb6 axb6 33.
Bd3 Kf8 34. h4 Ke7 35. Kg2 Kd6 36. Kf3 Ke5 37. Ke3 d4+ 38. Ke2 Bxa2 39. f4+ Kd5
40. Kf3 Bc4 41. Bb1 d3 42. Ke3 f5 43. h5 b5 44. Kf3 Kd4 45. g4 fxg4+ 46. Kxg4
d2 47. Bc2 Kc3 48. Bd1 Bb3 49. Be2 d1=Q 50. Bxd1 Bxd1+ 51. Kf5 Bxh5 52. Ke4 b4
53. f5 b3 54. f6 gxf6 55. Kf5 b2 56. Kxf6 b1=Q 57. Ke5 Qd3 58. Ke6 Kd4 59. Kd6
Qg6+ 60. Ke7 Ke5 61. Kd7 Qd6+ 62. Kc8 Qe7 63. Kb8 Kd6 64. Ka8 Kc6 0-1

[Event "DEM U10 2011"]
[Site "Oberhof GER"]
[Date "2011.06.14"]
[Round "5"]
[White "Sanati, Charlotte"]
[Black "Alekhanov, Jannis"]
[Result "0-1"]
[Termination "normal"]
[Board "16"]
[WhiteElo "1284"]
[BlackElo "1398"]
[PlyCount "162"]
[WhiteFideId "12907707"]
[BlackFideId "12921238"]
[EventCountry "GER"]
[EventRounds "11"]
[EventType "swiss"]
[EventDate "2011.06.11"]

1. e4 e5 2. Nf3 Nc6 3. Bb5 a6 4. Ba4 b5 5. Bb3 Nf6 6. O-O Be7 7. Re1 d6 8. h3
O-O 9. c3 Na5 10. Bc2 c5 11. d4 Qc7 12. Bg5 Bd7 13. a4 Rfc8 14. d5 b4 15. Nbd2
Rab8 16. c4 b3 17. Bxb3 Nxb3 18. Nxb3 Rb4 19. Qd3 Rcb8 20. Ra3 Rxa4 21. Rea1
Rab4 22. Bd2 R4b7 23. Ba5 Qc8 24. R1a2 Bd8 25. Bxd8 Qxd8 26. Qc2 a5 27. Nbd2 a4
28. b3 axb3 29. Rxb3 Rxb3 30. Nxb3 Rb4 31. Nbd2 h6 32. Rb2 Ba4 33. Qc1 Qb6 34.
Rb1 Rxb1 35. Qxb1 Qxb1+ 36. Nxb1 Nxe4 37. Nh4 g6 38. Kf1 Bc2 39. Na3 Bb3 40.
Ke2 Kf8 41. Nf3 Nc3+ 42. Kd3 Na4 43. Nd2 Bd1 44. Nb5 Ke7 45. f3 Nb6 46. Nc3 Ba4
47. g4 Bd7 48. Nb3 h5 49. gxh5 Bxh3 50. h6 g5 51. Ne4 Bf5 52. Nbd2 Bh7 53. Ke3
f6 54. Ng3 f5 55. Kd3 f4+ 56. Nge4 Nc8 57. Kc3 Kf7 58. Nxg5+ Kg6 59. Nxh7 Kxh7
60. Ne4 Kxh6 61. Kb3 Kg6 62. Ka4 Kf7 63. Kb5 Ke7 64. Kc6 Kd8 65. Nxd6 Nxd6 66.
Kxd6 e4 67. fxe4 f3 68. e5 f2 69. e6 f1=Q 70. e7+ Ke8 71. Kc7 Kxe7 72. d6+ Ke6
73. d7 Qd3 74. d8=Q Qxd8+ 75. Kxd8 Ke5 76. Kd7 Kd4 77. Kc6 Kxc4 78. Kb6 Kb4 79.
Kc6 c4 80. Kd5 c3 81. Ke5 c2 0-1

[Event "DEM U10 2011"]
[Site "Oberhof GER"]
[Date "2011.06.14"]
[Round "5"]
[White "ter Stal, Sven"]
[Black "Tong, Kevin"]
[Result "0-1"]
[Termination "normal"]
[Board "17"]
[WhiteElo "1056"]
[BlackElo "1345"]
[PlyCount "134"]
[WhiteFideId "12946443"]
[BlackFideId "12913944"]
[EventCountry "GER"]
[EventRounds "11"]
[EventType "swiss"]
[EventDate "2011.06.11"]

1. e4 c5 2. Nc3 Nc6 3. f4 g6 4. Nf3 Bg7 5. Bc4 e6 6. f5 Nd4 7. Nxd4 cxd4 8. Ne2
d5 9. exd5 exd5 10. Bb3 Bxf5 11. O-O Ne7 12. d3 O-O 13. Bg5 Be6 14. Bxe7 Qxe7
15. Nf4 Qd6 16. Qf3 Rad8 17. Rae1 Be5 18. Nxe6 fxe6 19. Qh3 b5 20. Qh4 a5 21.
a4 b4 22. g3 Kg7 23. Qg5 Rxf1+ 24. Kxf1 Rf8+ 25. Kg2 Rf5 26. Qd2 h5 27. Qe2 Qf8
28. Rf1 Rxf1 29. Qxf1 Qxf1+ 30. Kxf1 g5 31. Kf2 Kg6 32. Kf3 g4+ 33. Kg2 Bf6 34.
h3 gxh3+ 35. Kxh3 Kf5 36. Ba2 Bg5 37. c4 dxc3 38. bxc3 bxc3 39. Bb1 d4 40. Kg2
Kg4 41. Kf2 Bf6 42. Bc2 Kf5 43. Kf3 Bg5 44. Bd1 Ke5 45. Bb3 Bf6 46. Bc2 Bg7 47.
Bd1 Bh6 48. Bc2 Kd5 49. Bb3+ Kc5 50. Ke4 Kb4 51. Bc2 Bg7 52. Kf3 Ka3 53. g4
hxg4+ 54. Kxg4 Kb2 55. Bd1 c2 56. Bxc2 Kxc2 57. Kf3 Kxd3 58. Kf4 Ke2 59. Kg5 d3
60. Kg6 d2 61. Kf7 d1=Q 62. Ke7 Qd5 63. Ke8 Bf6 64. Kf7 e5+ 65. Ke8 Qb7 66. Kf8
Qe7+ 67. Kg8 Qg7# 0-1

[Event "DEM U10 2011"]
[Site "Oberhof GER"]
[Date "2011.06.14"]
[Round "5"]
[White "Piskaykin, Bogdan"]
[Black "Hoffmann, Lennard"]
[Result "1-0"]
[Termination "normal"]
[Board "18"]
[WhiteElo "1329"]
[BlackElo "1044"]
[PlyCount "103"]
[WhiteFideId "12941212"]
[BlackFideId "12943495"]
[EventCountry "GER"]
[EventRounds "11"]
[EventType "swiss"]
[EventDate "2011.06.11"]

1. e4 c5 2. Nf3 Nc6 3. Nc3 g6 4. d4 cxd4 5. Nxd4 Bg7 6. Be3 Nf6 7. f3 d5 8.
Nxc6 bxc6 9. exd5 cxd5 10. g4 O-O 11. h4 Qd6 12. Bf2 Qe5+ 13. Be2 Ba6 14. Qd4
Qe6 15. Qe3 Qc6 16. Bxa6 Qxa6 17. O-O-O Qb7 18. g5 Nd7 19. Qxe7 Rab8 20. Qa3
Ne5 21. Qb3 Qd7 22. Nxd5 Qc6 23. Ne7+ Kh8 24. Nxc6 Rxb3 25. axb3 Nxc6 26. Rd7
Rc8 27. c3 Ne5 28. Rd2 Nxf3 29. Rd3 Ne5 30. Rdd1 Ng4 31. Bd4 Kg8 32. Bxg7 Kxg7
33. Rd7 a6 34. Rf1 Kg8 35. Rdxf7 Ne3 36. R1f3 Rd8 37. Rxe3 Kxf7 38. Kc2 Rc8 39.
c4 Re8 40. Rxe8 Kxe8 41. Kd3 Kd7 42. Kd4 Kd6 43. c5+ Kc6 44. Kc4 a5 45. b4 a4
46. b5+ Kc7 47. c6 Kb6 48. Kb4 Kc7 49. Kc5 Kc8 50. b6 Kb8 51. c7+ Kc8 52. Kc6
1-0

[Event "DEM U10 2011"]
[Site "Oberhof GER"]
[Date "2011.06.14"]
[Round "5"]
[White "Zieschank, Leon"]
[Black "Wong, Gengchun"]
[Result "0-1"]
[Termination "normal"]
[Board "19"]
[WhiteElo "1236"]
[BlackElo "1337"]
[PlyCount "108"]
[BlackFideId "12963283"]
[EventCountry "GER"]
[EventRounds "11"]
[EventType "swiss"]
[EventDate "2011.06.11"]

1. e4 c5 2. Nf3 d6 3. d4 cxd4 4. Nxd4 Nf6 5. Nc3 a6 6. Bd3 e6 7. Bg5 Be7 8. O-O
O-O 9. Re1 Qc7 10. Nf3 Nc6 11. Bf4 Ne5 12. Nxe5 dxe5 13. Bg3 b5 14. a3 Bb7 15.
Qe2 Rfd8 16. Rad1 b4 17. axb4 Bxb4 18. Rb1 Rd4 19. f3 a5 20. Bf2 Rdd8 21. Red1
Nh5 22. Be3 Nf4 23. Bxf4 exf4 24. Kh1 Rab8 25. Na2 Bc5 26. Re1 Be3 27. Nc3 Bd4
28. Nb5 Qe5 29. Nxd4 Qxd4 30. Qd2 Qe5 31. Red1 h6 32. Qf2 Qg5 33. Re1 Bc6 34.
Re2 Qe5 35. b3 a4 36. Bc4 axb3 37. Bxb3 Qc3 38. Qe1 Qd4 39. Qc1 Ba4 40. Re1
Bxb3 41. Rxb3 Rbc8 42. Rd3 Qxd3 43. cxd3 Rxc1 44. Rxc1 Rxd3 45. h4 Kf8 46. Kh2
Ke7 47. Kh3 Kf6 48. Kg4 g5 49. hxg5+ hxg5 50. Rc5 Rd2 51. Kh3 Rd1 52. Kh2 Re1
53. Kh3 Rh1+ 54. Kg4 Rh4# 0-1

[Event "DEM U10 2011"]
[Site "Oberhof GER"]
[Date "2011.06.14"]
[Round "5"]
[White "Muckle, Julius"]
[Black "Nguyen, Ha Thanh"]
[Result "1-0"]
[Termination "normal"]
[Board "20"]
[WhiteElo "1357"]
[BlackElo "1092"]
[PlyCount "153"]
[WhiteFideId "12942430"]
[BlackFideId "12942154"]
[EventCountry "GER"]
[EventRounds "11"]
[EventType "swiss"]
[EventDate "2011.06.11"]

1. d4 Nf6 2. c4 e6 3. Nf3 Be7 4. a3 c5 5. dxc5 Bxc5 6. b4 Be7 7. Nbd2 O-O 8. e3
b6 9. Bb2 d5 10. cxd5 exd5 11. Be2 Bb7 12. O-O Nbd7 13. Rc1 Bd6 14. Nb3 Rc8 15.
Rc2 Qe7 16. Rxc8 Rxc8 17. Qd2 Ne4 18. Qd4 f6 19. Nfd2 Be5 20. Qd3 Bxb2 21. Nxe4
Qxe4 22. Qxe4 dxe4 23. Bg4 Rc7 24. Rb1 Bxa3 25. Nd4 Ne5 26. Be6+ Kf8 27. Nb5
Rc1+ 28. Rxc1 Bxc1 29. Nxa7 Ke7 30. Bc8 Bxc8 31. Nxc8+ Kd7 32. Nxb6+ Kc6 33.
Na4 Kb5 34. Nc3+ Kc4 35. Nxe4 Kxb4 36. Nd6 g5 37. Kf1 Kc5 38. Ne4+ {Laut Partie
formular folgte der irregulaere Zug 38. ... Kd6 39. Sxf6 h6 40 Ke2 Ke6 usw.}
38... Kc6 39. Nxf6 h6 40. Ke1 Kd6 41. Ke2 Ke6 42. Nh5 Kf7 43. Ng3 Ng4 44. h3
Ne5 45. Nf5 h5 46. Nd4 Ba3 47. Nf3 Nxf3 48. Kxf3 Kf6 49. Ke4 Bc1 50. g3 Bd2 51.
f4 gxf4 52. Kxf4 Bxe3+ 53. Kxe3 Kg5 54. Kf3 h4 55. g4 Kg6 56. Kf4 Kf6 57. g5+
Kg6 58. Kg4 Kg7 59. Kxh4 Kg6 60. Kg4 Kg7 61. h4 Kg6 62. h5+ Kh7 63. Kf5 Kg7 64.
h6+ Kh7 65. Kf6 Kg8 66. g6 Kf8 67. h7 Ke8 68. h8=Q+ Kd7 69. g7 Kd6 70. g8=R Kd5
71. Rd8+ Ke4 72. Qh4+ Ke3 73. Ra8 Kd3 74. Ra3+ Kc2 75. Qh2+ Kb1 76. Ra2 Kc1 77.
Qg1# 1-0